City to Country #2 - Statistics

General Stats
  • This quiz has been taken 31 times
  • The average score is 14 of 15
Answer Stats
City Country % Correct
Toronto Canada
100%
Havana Cuba
100%
Marseille France
100%
Jerusalem Israel
100%
Milan Italy
100%
Krakow Poland
100%
Valencia Spain
100%
Ankara Turkey
100%
Baltimore United States of America
100%
Stuttgart Germany
97%
Islamabad Pakistan
97%
Pyongyang North Korea
93%
Ho Chi Minh City Vietnam
93%
Muscat Oman
80%
Gjirokaster Albania
23%
No matching quizzes found
Score Distribution
Percent of People with Each Score
Percentile by Number Answered
Your Score History
You have not taken this quiz